Cryptocurrencies By Logo - Statistics

General Stats
  • This quiz has been taken 102 times
  • The average score is 8 of 11
Answer Stats
Picture Answer % Correct
Bitcoin
98%
Ethereum
95%
Litecoin
83%
Uniswap
82%
Bitcoin Cash
76%
Binance Coin
69%
Cardano
67%
Monero
66%
Chainlink
59%
TRON
58%
Ethereum Classic
56%
No matching quizzes found
Score Distribution
Percent of People with Each Score
Percentile by Number Answered
Your Score History
You have not taken this quiz